| 000 | 00721cam a22002411 4500 | ||
|---|---|---|---|
| 001 | sa 65010833 | ||
| 003 | DLC | ||
| 005 | 20260227112211.0 | ||
| 008 | 801209m19611962ii 000 0 kan | ||
| 010 | _asa 65010833 | ||
| 025 | _aPL480:I-Kan-113 | ||
| 035 | _a(OCoLC)7019289 | ||
| 040 |
_aDLC _cViU _dDLC |
||
| 042 | _apremarc | ||
| 050 | 0 | 0 |
_aML338 _b.S48 |
| 100 | 1 | _aShankaramurthy, M. R. | |
| 245 | 1 | 0 | _aKarnataka sangeeta tarangini. |
| 260 |
_aBangalore, _bGuru Guha Gana Nilaya _c[1961-62] |
||
| 300 |
_a2 v. _billus. _c25 cm. |
||
| 440 | 0 |
_a[Karnataka sangeeta tarangini series, _vbook 1-2] |
|
| 500 | _aCover title, text and musical notation in Kannada. | ||
| 650 | 0 |
_aCarnatic music _xHistory and criticism. |
|
| 999 |
_c66970 _d66970 |
||